| 000 | 00802nam a22002412 4500 | ||
|---|---|---|---|
| 001 | 0000002041 | ||
| 005 | 20151217151837.0 | ||
| 008 | 070330s xx 000 0 eng d | ||
| 020 |
_a99664650022 : _cKES 1,500 |
||
| 040 |
_aKABU _cKABU |
||
| 050 | 0 |
_aHD9058 _b.B572M36 |
|
| 100 | 1 |
_aManji, Madatally. _@0000151248 |
|
| 245 | 1 | 0 |
_aMemoirs of a biscuit baron / _cMadatally Manji. |
| 260 |
_aNairobi : _bKenway Publications, _c1995. |
||
| 300 |
_ax, 174 p. ; _c22 cm. |
||
| 600 | 1 | 0 |
_aManji, Madatally, _d1918-. _@0000151249 |
| 650 | 0 |
_aBiscuit industry _zKenya _xHistory. _@0000151250 |
|
| 650 | 0 |
_aBusinesspeople _zKenya _xBiography. _@0000151251 |
|
| 908 | _a070330 | ||
| 950 | _@1 | ||
| 999 |
_c5610 _d5610 |
||